Countries where LGBTQ Military Service is Allowed - Statistics

General Stats
  • This quiz has been taken 253 times
  • The average score is 49 of 63
Answer Stats
Hint Service Range Answer % Correct
Europe All LGBTQ People can Serve United Kingdom
97%
North America All LGBTQ People can Serve United States
97%
South America Lesbian, Gay, and Bisexual People can Serve Brazil
95%
North America All LGBTQ People can Serve Canada
94%
Europe All LGBTQ People can Serve France
92%
Oceania All LGBTQ People can Serve Australia
91%
Asia Lesbian, Gay, and Bisexual People can Serve Japan
91%
Europe All LGBTQ People can Serve Germany
90%
Europe All LGBTQ People can Serve Spain
90%
Europe All LGBTQ People can Serve Sweden
90%
South America Lesbian, Gay, and Bisexual People can Serve Argentina
88%
Europe Lesbian, Gay, and Bisexual People can Serve Italy
88%
Europe All LGBTQ People can Serve Finland
87%
Europe All LGBTQ People can Serve Norway
87%
Europe Lesbian, Gay, and Bisexual People can Serve Poland
87%
Europe Lesbian, Gay, and Bisexual People can Serve Portugal
87%
Europe All LGBTQ People can Serve Belgium
86%
Europe All LGBTQ People can Serve Ireland
84%
Europe All LGBTQ People can Serve Netherlands
84%
Europe All LGBTQ People can Serve Austria
83%
South America All LGBTQ People can Serve Chile
83%
Europe All LGBTQ People can Serve Denmark
83%
Europe All LGBTQ People can Serve Estonia
82%
Europe Lesbian, Gay, and Bisexual People can Serve Greece
82%
Europe Lesbian, Gay, and Bisexual People can Serve Lithuania
82%
Oceania All LGBTQ People can Serve New Zealand
82%
Europe Lesbian, Gay, and Bisexual People can Serve Latvia
81%
South America Lesbian, Gay, and Bisexual People can Serve Colombia
80%
Europe Lesbian, Gay, and Bisexual People can Serve Luxembourg
80%
Europe Lesbian, Gay, and Bisexual People can Serve Ukraine
80%
South America Lesbian, Gay, and Bisexual People can Serve Peru
79%
Europe Lesbian, Gay, and Bisexual People can Serve Romania
79%
Europe Lesbian, Gay, and Bisexual People can Serve Switzerland
79%
South America Lesbian, Gay, and Bisexaul People can Serve Uruguay
78%
Europe Lesbian, Gay, and Bisexual People can Serve Albania
77%
Europe Lesbian, Gay, and Bisexual People can Serve Bulgaria
77%
North America All LGBTQ People can Serve Cuba
77%
Europe Lesbian, Gay, and Bisexual People can Serve Hungary
77%
Europe Lesbian, Gay, and Bisexual People can Serve Slovakia
76%
Europe Lesbian, Gay, and Bisexual People can Serve Croatia
75%
Europe All LGBTQ People can Serve Czech Republic
75%
Europe Lesbian, Gay, and Bisexual People can Serve Serbia
75%
South America All LGBTQ People can Serve Bolivia
74%
Europe Lesbian, Gay, and Bisexual People can Serve Bosnia and Herzegovina
73%
Asia All LGBTQ People can Serve Israel
73%
Europe Lesbian, Gay, and Bisexual People can Serve Slovenia
73%
Africa Lesbian, Gay, and Bisexual People can Serve South Africa
73%
Asia All LGBTQ People can Serve Thailand
73%
South America Lesbian, Gay, and Bisexual People can Serve Paraguay
72%
Europe Lesbian, Gay, and Bisexual People can Serve Moldova
69%
Europe Lesbian, Gay, and Bisexual People can Serve North Macedonia
69%
Asia Lesbian, Gay, and Bisexual People can Serve Taiwan
69%
Europe/Asia Lesbian, Gay, and Bisexual People can Serve Cyprus
68%
Europe All LGBTQ People can Serve Malta
68%
Asia Lesbian, Gay, and Bisexual People can Serve Vietnam
68%
Europe Lesbian, Gay, and Bisexual People can Serve Montenegro
67%
Europe Lesbian, Gay, and Bisexual People can Serve Kosovo
66%
North America All LGBTQ People can Serve Bahamas
64%
South America Lesbian, Gay, and Bisexual People can Serve Guyana
64%
Europe Lesbian, Gay, and Bisexual People can Serve Liechtenstein
63%
Asia Lesbian, Gay, and Bisexual People can Serve Philippines
63%
North America Lesbian, Gay, and Bisexual People can Serve El Salvador
60%
Asia Lesbian, Gay, and Bisexual People can Serve Nepal
51%
No matching quizzes found
Score Distribution
Percent of People with Each Score
Percentile by Number Answered
Your Score History
You have not taken this quiz